| 000 | 00509cam a2200181 a 4500 | ||
|---|---|---|---|
| 020 | _a0393962873 (v. 1) | ||
| 020 | _a0393962881 (v. 1 : pbk.) | ||
| 040 | _cDLC | ||
| 082 | 0 | 0 | _a820 NOR 1993 A096 Or. |
| 245 | 0 | 4 | _aThe Norton anthology of English literature / |
| 250 | _a6th ed. | ||
| 260 |
_aNew York : _bNorton, _cc1993- |
||
| 300 |
_av. <1 > ; _c25 cm. + _e2 sound discs (digital ; 4 3/4 in.) |
||
| 500 | _aIncludes index. | ||
| 650 | 0 | _aEnglish literature. | |
| 700 | 1 | _aAbrams, M. H. | |
| 942 | _cEK | ||
| 999 |
_c13868 _d13868 |
||